The mass marketing of politics democracy in an age of manufactured images /

Bibliographic Details
Main Author: Newman, Bruce I.
Corporate Author: ProQuest (Firm)
Format: Electronic eBook
Language:English
Published: Thousand Oaks : Sage Publications, c1999.
Subjects:
Online Access:Click to View
LEADER 01599nam a2200421Ia 4500
001 EBC996604
003 MiAaPQ
005 20200520144314.0
006 m o d |
007 cr cn|||||||||
008 990315s1999 cau sb 001 0 eng d
010 |z  99006266  
020 |z 9780761909583 
020 |z 9781452263649 
020 |z 0761909583 (cloth : alk. paper) 
020 |z 0761909591 (pbk. : alk. paper) 
035 |a (MiAaPQ)EBC996604 
035 |a (Au-PeEL)EBL996604 
035 |a (CaPaEBR)ebr10581296 
035 |a (CaONFJC)MIL673080 
035 |a (OCoLC)809772231 
040 |a MiAaPQ  |c MiAaPQ  |d MiAaPQ 
050 4 |a JK2281  |b .N484 1999 
082 0 4 |a 324.7/2/0973  |2 21 
100 1 |a Newman, Bruce I. 
245 1 4 |a The mass marketing of politics  |h [electronic resource] :  |b democracy in an age of manufactured images /  |c Bruce I. Newman. 
260 |a Thousand Oaks :  |b Sage Publications,  |c c1999. 
300 |a xviii, 166 p. 
504 |a Includes bibliographical references (p. 147-153) and indexes. 
533 |a Electronic reproduction. Ann Arbor, MI : ProQuest, 2015. Available via World Wide Web. Access may be limited to ProQuest affiliated libraries. 
650 0 |a Political campaigns  |z United States. 
650 0 |a Marketing  |z United States. 
650 0 |a Presidents  |z United States  |x Election. 
650 0 |a Democracy  |z United States. 
651 0 |a United States  |x Politics and government  |y 20th century. 
655 4 |a Electronic books. 
710 2 |a ProQuest (Firm) 
856 4 0 |u https://ebookcentral.proquest.com/lib/matrademy/detail.action?docID=996604  |z Click to View